| 000 | 00739cam a2200241 a 4500 | ||
|---|---|---|---|
| 008 | |||
| 020 | _a9781861348593 (pbk.) | ||
| 049 | _aMAIN | ||
| 090 |
_aBJ1031 _bFIT |
||
| 100 | 1 | _aFitzpatrick, Tony. | |
| 245 | 1 | 0 |
_aApplied ethics and social problems : _bmoral questions of birth, society and death / _cTony Fitzpatrick. |
| 260 |
_aBristol : _bPolicy Press, _c2008. |
||
| 300 |
_avi, 270 p. : _bill. ; _c24 cm. |
||
| 504 | _aIncludes bibliographical references. | ||
| 500 | _aIncludes index. | ||
| 650 | 0 | _aApplied ethics. | |
| 650 | 0 | _aSocial ethics. | |
| 907 |
_a.b1037310x _b31-05-16 _c24-05-16 |
||
| 003 | |||
| 005 | 20230123122214.0 | ||
| 040 | _cNUST | ||
| 942 |
_cBOOKS _kBJ1031 _mFIT |
||
| 999 |
_c129617 _d129617 |
||